One Piece - Équipage des Pirates Roger - Statistiques

Statistiques générales
  • Ce quiz a été pris 286 fois
  • Le résultat moyen est 9 sur 33
Statistiques - réponses
Réponse % Correct
Gol D. Roger
99%
Silvers Rayleigh
95%
Baggy
93%
Shanks
93%
Kozuki Oden
83%
Crocus
69%
Scopper Gaban
66%
Nekomamushi
34%
Kozuki Toki
33%
Inuarashi
32%
Douglas Bullet
26%
Seagull Guns Nozdon
13%
Sunbell
12%
Spencer
9%
Taro
9%
Blumarine
8%
Doringo
8%
Elio
8%
Ganryu
8%
Jacksonbanner
8%
Millet Pine
8%
Moon Isaac Jr.
8%
Mr. Momora
8%
Mugren
8%
Petermoo
8%
Rowing
8%
Yamon
8%
Yui
8%
Bankuro
7%
CB Galant
7%
Donquino
7%
MAX Marks
7%
Rangram
7%
Aucun quiz correspondant
Distribution des résultats
% des personnes avec chaque résultat
Percentile par nombre de réponses
Votre historique - résultats
Vous n’avez pas pris ce quiz